Misjacoslóv s Bóhom svjatym obderžaj v sebi prokímny, allilúja, pričástny voskrésny, ...

Bibliographic Details
Format: Book
Language:Ukrainian
PhysicalDescription:94 s. 24 cm
Published: Prešov Petra 1998
ISBN:8096797522
Subjects:

MARC

LEADER 00000nam a2200000 a 4500
001 vtls001380901
003 SK-MaSNL
005 20260301161357.0
008 240226s1998 xo r ukr
015 |a SNBA2001/05-01353 
020 |a 8096797522 
035 |a SNK000334903 
035 |a urn:nbn:sk:snk-amkkjt 
035 |a urn:nbn:sk:snk-am003b9z 
035 |a B368CD7A-0236-4415-B8DA-17571A52F47D 
040 |a SNK  |b slo  |c SNK  |e AACR2 
041 0 |a ukr 
044 |a xo  |c SK 
080 |a 264:281.94  |2 1981 
080 |a 281.94  |2 1981 
245 0 0 |a Misjacoslóv  |b s Bóhom svjatym obderžaj v sebi prokímny, allilúja, pričástny voskrésny, ... 
246 1 0 |a Měsacoslóv` 
260 |a Prešov  |b Petra  |c 1998 
300 |a 94 s.  |c 24 cm 
500 |a Vyd. s pomocou bohoslovcov Gréckokatolíckeho kňazského seminára biskupa Patra Pavla Gojdiča v Prešove 
500 |a Na obale názov: Prokimeny i allilúja 
610 2 7 |a Gréckokatolícka cirkev  |2 SNK  |9 32576 
650 0 7 |a gréckokatolícka liturgia  |2 SNK  |9 69403 
655 7 |a príručky  |2 SNK  |9 74364 
710 0 |a Gréckokatolícky kňazský seminár biskupa Pavla Petra Gojdiča Prešov, Slovensko  |4 pbl  |9 33700 
919 |a 80-967975-2-2 
958 |a TL 
958 |a NT 
999 |c 809200  |d 811130 
952 |t P60, <03>, [BOOK], {603}  |a SNK  |b SNK  |y PREZ  |7 0  |p 17A0224591  |o snkSC 100557  |i snkKSP 580/2000  |0 0  |1 0  |4 0  |d 2000-01-17  |f 1  |l 0  |r 2025-09-19 00:00:00  |w 2026-02-24 
952 |t P60, <04>, [BOOK], {604}  |a SNK  |b SNK  |y VYP  |7 0  |p 17A0224592  |o snkSC 100557 D1  |i snkKSP 581/2000  |0 0  |1 0  |4 0  |d 2000-01-17  |l 0  |r 2005-01-02 00:00:00  |w 2026-02-24